000 00968nam a2200265 i 4500
001 19158
003 ES-MaACL
005 20230906152019.0
007 t|
008 020626s2000 sp ||||1| spa d
020 _a84-89455-43-0
080 _a75.035/.036(460)(064.3)
080 _a551.46(0:75)(064.3)
245 0 0 _aA la playa
_b: el mar como tema de la modernidad en la pintura española, 1870-1936 : Madrid, 14 de noviembre 2000-21 de enero 2001.
260 _aMadrid :
_bFundación Cultural MAPFRE Vida,
_c[2000]
300 _a293 p. :
_bil. col. y n. ;
_c26 x 29 cm.
650 4 _aPintura española-
_yS.XIX-
_vExposiciones.
_916040
650 4 _aPintura española-
_yS.XX-
_vExposiciones.
_916043
650 4 _aMares y océanos-
_xEn el arte.
_9141269
655 7 _2tgfbne
_9193628
_aCatálogos de exposiciones
710 2 _aFundación Cultural Mapfre Vida.
_9173980
852 _aES-MaACL
_jL-25593
942 _2udc
999 _c19158
_d19158